000 01071cab a2200289 4500
001 ABS50211
008 090401t1993 xxu||||| |||| 00| 0 eng d
035 _a(Sirsi) u74629
041 _aeng
100 _aCooper, K.J.
245 _aPublic sector valuations
260 _c1993
350 _a0
490 _aNew Zealand Valuers` Journal
_vDecember 1993, 11-18(8)
520 _aDiscusses public sector accounting in New Zealand and the valuation of public sector assets in the light of privatisation programmes. Looks at bases of accounting and valuation, as well as covering the reasons for public sector valuations and characteristics particular to public sector assets.
650 _aMANAGEMENT-BUSINESS MANAGEMENT-FINANCIAL MANAGEMENT-ACCOUNTING
650 _aASSET VALUATION
650 _aNEW ZEALAND
650 _aPRIVATISATION
650 _aPUBLIC SECTOR ASSETS
650 _aVALUATION METHODS
650 _aVALUATION STANDARDS
690 _aOVERSEAS-REST OF THE WORLD
690 _aRATING AND VALUATION
942 _n0
948 _c04/03/1997
999 _c47030
_d47030